The mainstream of physics

שמור ב:
מידע ביבליוגרפי
מחבר ראשי: Beiser, Arthur
פורמט: ספר
שפה:Undetermined
יצא לאור: London Addison-Wesley 1962
נושאים:
תגים: הוספת תג
אין תגיות, היה/י הראשונ/ה לתייג את הרשומה!
Thư viện lưu trữ: Trung tâm Học liệu Trường Đại học Cần Thơ
LEADER 00477nam a2200181Ia 4500
001 CTU_149472
008 210402s9999 xx 000 0 und d
082 |a 530 
082 |b B423 
100 |a Beiser, Arthur 
245 4 |a The mainstream of physics 
245 0 |c Arthur Beiser 
260 |a London 
260 |b Addison-Wesley 
260 |c 1962 
650 |a Physics,Vật lý học 
904 |i Trọng Hải 
980 |a Trung tâm Học liệu Trường Đại học Cần Thơ